• AIU
  • Tony Wilmot Memorial Library
Normal view MARC view

Entry Personal Name

Number of records used in: 1

001 - CONTROL NUMBER

  • control field: 36357

003 - CONTROL NUMBER IDENTIFIER

  • control field: OSt

005 - DATE AND TIME OF LATEST TRANSACTION

  • control field: 20150227122233.0

008 - FIXED-LENGTH DATA ELEMENTS

  • fixed length control field: 150227|| aca||aabn | a|a d

040 ## - CATALOGING SOURCE

  • Original cataloging agency: OSt
  • Transcribing agency: OSt

100 ## - HEADING--PERSONAL NAME

  • Personal name: Montagu, Ashley,
  • Dates associated with a name: 1905-1999.

670 ## - SOURCE DATA FOUND

  • Source citation: Work cat.: (OSt)0: Montagu, Ashley, 1905-1999., Education and human relations,, [1958]